Préfectures de France : Blois - Statistiques

Statistiques générales
  • Ce quiz a été pris 63 fois
  • Le résultat moyen est 10 sur 24
Statistiques - réponses
Question Réponse % Correct
Quel numéro porte celui-ci ? 41
97%
De quel département est-ce la préfecture ? Loir-et-Cher
95%
La couleur principale du fond du blason est l'/le/la Or | Jaune
91%
Comment se nomment ses habitants ? Blésois
86%
La ville appartient à l'académie de/d' Orléans-Tours
79%
A quelle région administrative appartient la ville depuis 2015 ? Centre-Val-de-Loire
74%
Cette marque de chocolat est née à Blois Poulain
74%
Quelles sont les sous-préfectures qui en dépendent ? Vendôme
67%
Les communes limitrophes dont le nom commence par V sont Vineuil
64%
Ce magicien mondialement connu est né à Blois en 1805 (nom) Houdin
52%
La ville appartient au diocèse de/d' Blois
50%
Les communes limitrophes dont le nom commence par V sont Villebarou
47%
Quelles sont les sous-préfectures qui en dépendent ? Romorantin-Lanthenay
36%
Quel est l'animal situé à gauche du blason en le regardant ? Porc-épic
31%
La cathédrale est dédiée à St Louis
24%
Quel est l'animal situé à droite du blason en le regardant ? Loup
21%
Cette reine est exilée à Blois en 1617 Marie de Médicis
10%
La ville est à la confluence de la Loire et de l'/le/la Arrou
9%
Les communes limitrophes dont le nom commence par V sont Valencisse
9%
Les communes limitrophes dont le nom commence par V sont Valloire-sur-Cisse
5%
L'évêché est créé en 1697
3%
Le train est arrivé à Blois dès 1846
3%
Le peuple gaulois qui l'occupe est celui des Carnutes
3%
Les plus ancien nom connu de la ville est Blesis
2%
Aucun quiz correspondant
Distribution des résultats
% des personnes avec chaque résultat
Percentile par nombre de réponses
Votre historique - résultats
Vous n’avez pas pris ce quiz